1300 1313 1843 1376 1839 1585 1862 1916 1263 1070 1436 1852 1744 1378 1173 1305 1111 1618 1970 1866 1480 1246 1126 1257 1510 1324 1882 1600 1691 1753 1644 1338 1676 1710 1951 1453 1026 1773 1863 1543 1358 1317 1042 1865 1895 1598 1675 1293 1892 1995 1578 1273 1147 1757 1076 1381 1167 1673 1615 1943 1154 1047 1475 1178 1343 1208 1621 1525 1529 1777 1582 1039 1857 1958 1250 1982 1440 1232 1369 1281 1584 1634 1973 1973 1440 1105 1908 1771 1858 1236 1630 1512 1247 1985 1155 1329 1757 1944 1121 BCNSPRNW ULIB Ver.6.0+V

เปลี่ยนเป็นภาษาไทย

Change to English
 แสดงรายละเอียดบรรณานุกรม
  กลับหน้าหลัก

Brief Record : Get Marc (ISO 2709) : E-mail record : QR code < ปิดหน้าต่าง
LEADER : 00000nam 2200000uu 4500
001    13399111760
003     ULIB
008    110707s2552||||th 000 0 tha d
020    9786169045014
050 04 DS568^bอ786ต 2552
100 0  อุดม เชยกีวงศ์
245 10 ตลาดเก่า (50-200 ปี) /^cอุดม เชยกีวงศ์ เรียบเรียง
250    พิมพ์ครั้งที่ 1
260    กรุงเทพฯ :^bภูมิปัญญาสร้างสรรค์,^c2552
300    256 หน้า :^bภาพประกอบ
504    บรรณานุกรม : หน้า 256
650  7 ตลาด^zไทย
651  7 ไทย^xภูมิประเทศและการท่องเที่ยว
651  7 ไทย^xความเป็นอยู่และประเพณี
945    ^p150^l0^i027612
995    ทศพร
999 ^a ใช้งานได้ทุกระบบ
รายการนี้ยังไม่มีแท็ก
คุณยังไม่ได้ล็อกอิน คุณสามารถมีกิจกรรมร่วมกับเว็บไซต์ได้ แต่ต้องล็อกอินก่อน ::
  ล็อกอิน

รายการสื่อสารสนเทศ

ลำดับที่ ประเภท เลขเรียก/บาร์โค้ด สถานที่ สถานะ
- ไม่พบข้อมูล -

รายการใกล้เคียง
    ผู้แต่ง [อุดม เชยกีวงศ์]

BibComment


ยังไม่เคยถูกคอมเมนท์

คอมเมนท์ทรัพยากรรายการนี้
  คอมเมนท์: ตลาดเก่า 50200 ปี..


 Copyright 2026. Bcnsprnw @Library